[Event "World Blitz"]
[Site "Moscow RUS"]
[Date "2007.11.21"]
[Round "9"]
[White "Karpov,Ana"]
[Black "Carlsen,M"]
[Result "0-1"]
[WhiteElo "2670"]
[BlackElo "2714"]
[EventDate "2007.11.21"]

1. Nf3 Nf6 2. c4 e6 3. d4 b6 4. g3 Ba6 5. b3 b5 6. cxb5 Bxb5 7. Bg2 d5 8.
Nc3 Ba6 9. O-O Nbd7 10. Ne5 Bd6 11. Bf4 O-O 12. Rc1 Bxe5 13. dxe5 Ng4 14.
Nxd5 exd5 15. Qxd5 Nb6 16. Qa5 Bxe2 17. Rfe1 Bd3 18. Red1 Qd4 19. Rd2 Rad8
20. h3 Nxf2 21. Rxf2 Be4 22. Qxa7 Bxg2 23. Kxg2 Qe4+ 24. Kh2 Nd5 25. Rc4
Qb1 26. Rd4 h5 27. Bg5 Rd7 28. Qc5 Qe1 29. Rg2 Qxe5 30. Bf4 Qe6 31. Rgd2
Nxf4 32. gxf4 Rxd4 33. Qxd4 Re8 34. b4 Qf5 35. Rf2 h4 36. a4 Re4 37. Qd8+
Kh7 38. Qxh4+ Kg8 39. Qg5 Qd7 40. a5 Rxb4 41. Rg2 Qd4 42. a6 Ra4 43. Qg4
Qf6 44. Qg5 Rxa6 45. Qxf6 Rxf6 46. Rc2 c6 47. Kg3 Kf8 48. Kf3 Ke7 49. Ke4
g6 50. h4 Kd6 51. Ra2 Rf5 52. Ra7 c5 53. Ra8 Rh5 54. Ra6+ Ke7 55. Ra7+ Kf6
56. Ra6+ Kg7 57. Rc6 Rf5 58. Rc8 Rh5 59. Rc6 Kf8 60. Rc7 Ke8 61. Kf3 Rf5
62. Ke4 Kd8 63. Ra7 Ke8 64. Rc7 Kf8 65. Ra7 Rh5 66. Rc7 f6 67. Kf3 Ke8 68.
Rg7 Kf8 69. Rxg6 Kf7 70. Rg1 Rxh4 71. Ra1 Ke6 72. Ra5 Kd5 73. Ra6 Rh6 74.
Ra8 Kd4 75. Rd8+ Kc3 76. Ke4 c4 77. Rc8 Rh5 78. Rc6 Rh6 79. Kf5 Kd3 80.
Rd6+ Kc2 81. Rc6 c3 82. Rc8 Kd2 83. Rd8+ Kc1 84. Rc8 c2 85. Rc7 Rh4 86. Rc8
Kd2 87. Rd8+ Ke3 88. Re8+ Kf3 89. Rc8 Rxf4+ 90. Kg6 Rg4+ 91. Kxf6 Rg2 92.
Ke5 Rd2 0-1

[Event "World Blitz"]
[Site "Moscow RUS"]
[Date "2007.11.21"]
[Round "9"]
[White "Gelfand,B"]
[Black "Korotylev,A"]
[Result "1/2-1/2"]
[WhiteElo "2736"]
[BlackElo "2600"]
[EventDate "2007.11.21"]

1. d4 Nf6 2. c4 c5 3. Nf3 cxd4 4. Nxd4 Nc6 5. g3 e6 6. Bg2 Qb6 7. Nb3 Bb4+
8. Bd2 Ne5 9. Qc2 d6 10. O-O Bxd2 11. N1xd2 O-O 12. Rac1 Qc7 13. c5 d5 14.
e4 dxe4 15. Nxe4 Nxe4 16. Qxe4 Rb8 17. Rfd1 Bd7 18. Rd6 Ng6 19. Qb4 Rfc8
20. Rcd1 Be8 21. Qa5 b6 22. cxb6 Rxb6 23. Rxb6 axb6 24. Qd2 h6 25. Rc1 Qb8
26. Rxc8 Qxc8 27. Qc1 Kf8 28. f4 Ke7 29. Kf2 Kd6 30. Ke3 Ne7 1/2-1/2

[Event "World Blitz"]
[Site "Moscow RUS"]
[Date "2007.11.21"]
[Round "10"]
[White "Grischuk,A"]
[Black "Kramnik,V"]
[Result "1-0"]
[WhiteElo "2715"]
[BlackElo "2785"]
[EventDate "2007.11.21"]

1. d4 Nf6 2. c4 e6 3. Nf3 d5 4. Nc3 Be7 5. Bg5 h6 6. Bh4 O-O 7. e3 b6 8.
Be2 Bb7 9. Bxf6 Bxf6 10. cxd5 exd5 11. b4 c6 12. O-O Re8 13. Qb3 Qd6 14. a4
Nd7 15. a5 b5 16. Ne1 Bd8 17. Nd3 Bc7 18. g3 Bc8 19. Rac1 a6 20. Bf3 Qg6
21. Nxd5 Bxg3 22. fxg3 cxd5 23. Bxd5 Nf6 24. Nf4 1-0

[Event "World Blitz"]
[Site "Moscow RUS"]
[Date "2007.11.21"]
[Round "10"]
[White "Ivanchuk,V"]
[Black "Gelfand,B"]
[Result "0-1"]
[WhiteElo "2787"]
[BlackElo "2736"]
[EventDate "2007.11.21"]

1. e4 c5 2. Nf3 d6 3. d4 cxd4 4. Nxd4 Nf6 5. f3 e5 6. Nb3 Be7 7. c4 a5 8.
Be3 a4 9. N3d2 Qa5 10. Qc2 Nc6 11. Qc3 Bd8 12. Be2 O-O 13. Kf2 Nd4 14. Rc1
Qa7 15. Na3 Bb6 16. Nb5 Nxb5 17. cxb5 d5 18. Bxb6 Qxb6+ 19. Qc5 Qa5 20. b4
Qd8 21. Qc7 dxe4 22. Qxd8 e3+ 23. Kxe3 Rxd8 24. a3 Be6 25. Nc4 Nd5+ 26. Kf2
Nf4 27. Bf1 f6 28. Nb6 Rd2+ 29. Kg1 Rad8 30. Nxa4 Bf5 31. Nc5 b6 32. Ne4
Bxe4 33. fxe4 Ne2+ 34. Bxe2 Rxe2 35. Rd1 Rxd1+ 36. Rxd1 Ra2 37. Rd8+ Kf7
38. Ra8 Kg6 39. Ra7 h5 40. h4 f5 41. exf5+ Kxf5 42. Rxg7 Rxa3 43. Rg5+ Kf4
44. Rxh5 e4 45. Rh8 Ra1+ 46. Kh2 e3 47. Re8 Rb1 48. Kh3 Rh1+ 0-1

[Event "World Blitz"]
[Site "Moscow RUS"]
[Date "2007.11.21"]
[Round "10"]
[White "Shirov,A"]
[Black "Ponomariov,R"]
[Result "0-1"]
[WhiteElo "2739"]
[BlackElo "2705"]
[EventDate "2007.11.21"]

1. e4 e6 2. d4 d5 3. Nd2 Nf6 4. e5 Nfd7 5. f4 c5 6. c3 Nc6 7. Ndf3 Rb8 8.
Bd3 b5 9. Ne2 g6 10. O-O Qb6 11. g4 h5 12. h3 b4 13. Qa4 bxc3 14. bxc3 cxd4
15. Rb1 Qc7 16. Rxb8 Ndxb8 17. cxd4 Bd7 18. Qc2 Qa5 19. Bxg6 Nb4 20. Qb1
Qxa2 21. Bd2 Qxb1 22. Bxb1 hxg4 23. hxg4 Bb5 24. Re1 N8c6 25. Nc3 Bc4 26.
Kg2 a5 27. Na4 Bb3 28. Nc5 Bxc5 29. dxc5 a4 30. Bxb4 Nxb4 31. Nd4 Bc4 32.
Re3 Kd7 33. Ra3 Ra8 34. f5 Nc6 35. Nf3 Rb8 36. Ra1 0-1

[Event "World Blitz"]
[Site "Moscow RUS"]
[Date "2007.11.21"]
[Round "10"]
[White "Leko,P"]
[Black "Bacrot,E"]
[Result "0-1"]
[WhiteElo "2755"]
[BlackElo "2695"]
[EventDate "2007.11.21"]

1. e4 e5 2. Nf3 Nc6 3. Bb5 Nf6 4. O-O Nxe4 5. d4 Nd6 6. Bxc6 dxc6 7. dxe5
Nf5 8. Qxd8+ Kxd8 9. Nc3 Ke8 10. h3 Ne7 11. a3 h6 12. Re1 Ng6 13. Be3 c5
14. Rad1 Bd7 15. h4 b6 16. Nd5 Rc8 17. h5 Ne7 18. Nf6+ gxf6 19. exf6 Nc6
20. Bxc5+ Be6 21. Bxf8 Rxf8 22. Rd3 Rd8 23. Rc3 Rd6 24. b4 a6 25. a4 Kd7
26. b5 axb5 27. axb5 Nd4 28. Ne5+ Kc8 29. Re4 Nxb5 30. Rg3 Kb7 31. Rg7 Nc3
32. Re1 Nd5 33. Rh7 Nxf6 34. Rxh6 Ng4 35. Rh7 Nxe5 36. Rxe5 Rd5 37. Rxd5
Bxd5 38. Rg7 Rh8 39. g4 Kc6 40. Rg5 Kd6 41. Kh2 c5 42. Kg3 b5 43. Rf5 b4
44. Kf4 Be6 45. Rg5 c4 46. Rb5 b3 47. cxb3 c3 48. Ke3 Rc8 49. Rb6+ Kd7 50.
Rb7+ Kc6 51. Rb4 Kd6 52. Rd4+ Ke7 53. Rd1 Bxg4 54. Rc1 Bxh5 55. Kd4 c2 56.
b4 Bg6 57. b5 Kd7 58. f4 Kc7 59. Ke5 Re8+ 60. Kf6 Re6+ 61. Kg5 Re2 62. f5
Rg2+ 63. Kf6 Rf2 0-1

[Event "World Blitz"]
[Site "Moscow RUS"]
[Date "2007.11.21"]
[Round "10"]
[White "Kasimdzhanov,R"]
[Black "Savchenko,B"]
[Result "1-0"]
[WhiteElo "2690"]
[BlackElo "2583"]
[EventDate "2007.11.21"]

1. d4 Nf6 2. c4 e6 3. Nc3 d5 4. Nf3 Nbd7 5. cxd5 exd5 6. Bg5 c6 7. e3 Bd6
8. Bd3 Nf8 9. Bh4 Ng6 10. Bg3 Qe7 11. Qc2 O-O 12. O-O-O Re8 13. Kb1 Bxg3
14. hxg3 Ne4 15. Bxe4 dxe4 16. Nd2 f5 17. Nb3 b6 18. d5 c5 19. d6 Qd7 20.
Qe2 Ne5 21. Nd5 Qxd6 22. Rxh7 Ba6 23. Qh5 Qg6 24. Ne7+ Rxe7 25. Rh8+ Kf7
26. Qxg6+ Kxg6 27. Rxa8 Bd3+ 28. Ka1 Ng4 29. Rd2 Kh7 30. a3 a5 31. Rb8 Re6
32. Nc1 Bf1 33. b3 Bxg2 34. Ne2 g5 35. Nc3 Bf1 36. Rd7+ Kg6 37. Rg8+ Kh6
38. Nd5 Bb5 39. Rf7 Rd6 40. Ne7 Kh5 41. Rxf5 Rd1+ 42. Kb2 Rd2+ 43. Kc1 1-0

[Event "World Blitz"]
[Site "Moscow RUS"]
[Date "2007.11.21"]
[Round "11"]
[White "Savchenko,B"]
[Black "Adams,Mi"]
[Result "1-0"]
[WhiteElo "2583"]
[BlackElo "2729"]
[EventDate "2007.11.21"]

1. e4 e5 2. Nf3 Nc6 3. d4 exd4 4. Nxd4 Bb4+ 5. c3 Bc5 6. Be3 Bb6 7. Nf5
Bxe3 8. Nxe3 Nge7 9. g3 d6 10. Bg2 O-O 11. O-O Kh8 12. Nd2 f5 13. exf5 Nxf5
14. Re1 Ne5 15. Ndc4 Nxe3 16. Nxe3 Nd7 17. Qd4 Nf6 18. Rad1 Be6 19. Bxb7
Rb8 20. Qxa7 Bxa2 21. Qxa2 Rxb7 22. b4 Qd7 23. Qc4 Ra7 24. Nd5 Nxd5 25.
Qxd5 Raa8 26. c4 Rae8 27. b5 h6 28. Kg2 Re7 29. Rxe7 Qxe7 30. Rd2 Re8 31.
Qc6 Rb8 32. Rd4 Rf8 33. Re4 Qf7 34. Rf4 1-0

[Event "World Blitz"]
[Site "Moscow RUS"]
[Date "2007.11.21"]
[Round "11"]
[White "Rublevsky,S"]
[Black "Grischuk,A"]
[Result "1/2-1/2"]
[WhiteElo "2676"]
[BlackElo "2715"]
[EventDate "2007.11.21"]

1. e4 e5 2. Nf3 Nc6 3. d4 exd4 4. Nxd4 Bc5 5. Be3 Qf6 6. c3 Nge7 7. Qd2 O-O
8. Nb5 Bxe3 9. Qxe3 d5 10. Nd2 dxe4 11. Nxe4 Qe5 12. Nc5 Nd5 13. Qxe5 Nxe5
14. O-O-O c6 15. Nd4 Nd7 16. Ncb3 a5 17. Nd2 Ne5 18. Nc4 Nxc4 19. Bxc4 Nb6
20. Bd3 Bd7 21. Rhe1 Rfd8 22. Nb3 Be6 23. Nc5 Bxa2 24. Nxb7 Rdb8 25. Nc5 g6
26. Re7 a4 27. Bc2 Bd5 28. Rd4 a3 29. bxa3 Rxa3 30. Rb4 Ra1+ 31. Bb1 Raa8
32. f3 Nc4 33. Rxb8+ Rxb8 34. Bd3 Nd6 35. Nd7 Rd8 36. Nf6+ Kg7 37. Nxd5
cxd5 38. Re5 Nc8 39. Kd2 Kf6 40. f4 Ne7 41. g4 h6 42. h4 Nc6 43. g5+ hxg5
44. hxg5+ Kg7 45. Re1 Rd6 46. Ra1 Nd8 47. Ra7 Ne6 48. Bb5 Rd8 49. Ke3 d4+
50. cxd4 Nxd4 51. Bc4 Nf5+ 52. Kf3 Nd6 53. Bd5 Kf8 54. Ra5 Nf5 55. Bc4 Nd4+
56. Ke3 Nf5+ 57. Kf3 Rc8 58. Bd5 Rc3+ 59. Kf2 Rc7 60. Ke1 1/2-1/2

[Event "World Blitz"]
[Site "Moscow RUS"]
[Date "2007.11.21"]
[Round "11"]
[White "Gelfand,B"]
[Black "Carlsen,M"]
[Result "1/2-1/2"]
[WhiteElo "2736"]
[BlackElo "2714"]
[EventDate "2007.11.21"]

1. d4 Nf6 2. c4 e6 3. Nc3 Bb4 4. e3 O-O 5. Bd3 d5 6. cxd5 exd5 7. Nge2 Re8
8. O-O Bd6 9. f3 c5 10. Nb5 Bf8 11. dxc5 Bxc5 12. Nbd4 Nc6 13. Bd2 Qb6 14.
Kh1 Nxd4 15. exd4 Bxd4 16. Nxd4 Qxd4 17. Bc3 Qf4 18. Bb5 Rd8 19. Re1 d4 20.
Bd2 Qd6 21. Bd3 Be6 22. Bg5 h6 23. Bxf6 gxf6 24. Qd2 Kg7 25. Re4 Qd5 26.
Rh4 Qg5 27. Qf2 Qe3 28. Qg3+ Kf8 29. Rd1 Rac8 30. Re4 Qg5 31. Qe1 Bf5 32.
h4 Qg7 33. Qb4+ Kg8 34. Rxd4 Bxd3 35. R4xd3 Rxd3 36. Rxd3 Qg3 37. Qg4+ Qxg4
38. fxg4 Rc4 39. Rd7 Rxg4 40. Rxb7 Rxh4+ 41. Kg1 a5 42. Rb5 a4 43. a3 Rc4
44. b3 axb3 45. Rxb3 Rc2 46. Rf3 Kg7 47. Rf2 Rc4 48. Rf3 Rc1+ 49. Rf1 Rc4
50. Rf3 h5 51. Kh2 Kg6 52. Rb3 f5 53. Rg3+ Kf6 54. Rh3 h4 55. Rb3 Ra4 56.
Rb4 Rxa3 57. Rxh4 Kg5 58. Rb4 f4 59. Rb7 f6 60. Rg7+ Kf5 61. Rb7 Ra2 62.
Kg1 f3 63. gxf3 Kf4 64. Rb5 Kg3 65. Kf1 Rf2+ 66. Kg1 Rxf3 67. Rb8 Ra3 68.
Rg8+ Kf3 69. Rf8 Ra6 70. Rf7 Kf4 71. Kf2 f5 72. Rf8 Ra2+ 73. Kg1 Kg4 74.
Rg8+ Kf3 75. Rf8 f4 76. Rf7 Ra1+ 77. Kh2 Rf1 78. Ra7 Rf2+ 79. Kg1 Re2 80.
Rf7 Ra2 81. Rf8 Ra4 82. Rf7 Re4 83. Rf8 Re7 84. Kf1 Ra7 85. Kg1 Rh7 86. Ra8
Rg7+ 87. Kf1 Kg3 88. Ra3+ f3 89. Ra8 1/2-1/2

[Event "World Blitz"]
[Site "Moscow RUS"]
[Date "2007.11.21"]
[Round "11"]
[White "Korotylev,A"]
[Black "Ivanchuk,V"]
[Result "0-1"]
[WhiteElo "2600"]
[BlackElo "2787"]
[EventDate "2007.11.21"]

1. d4 Nf6 2. c4 g6 3. Nc3 d5 4. cxd5 Nxd5 5. Bd2 Bg7 6. e4 Nb6 7. Be3 O-O
8. Bb5 Bd7 9. Be2 c5 10. d5 f5 11. Nf3 fxe4 12. Ng5 Bxc3+ 13. bxc3 Ba4 14.
Qb1 Qxd5 15. Nxe4 N8d7 16. O-O Bc6 17. f3 Qe5 18. Bd3 Nf6 19. Nxf6+ Rxf6
20. Qc1 Rd8 21. Rd1 Rdd6 22. Bf2 Rde6 23. Re1 Qd6 24. Bf1 0-1

[Event "World Blitz"]
[Site "Moscow RUS"]
[Date "2007.11.21"]
[Round "12"]
[White "Kasimdzhanov,R"]
[Black "Kramnik,V"]
[Result "1/2-1/2"]
[WhiteElo "2690"]
[BlackElo "2785"]
[EventDate "2007.11.21"]

1. e4 e5 2. Nf3 Nc6 3. Bb5 Nf6 4. O-O Nxe4 5. Re1 Nd6 6. Nxe5 Be7 7. Bf1
Nxe5 8. Rxe5 O-O 9. d4 Bf6 10. Re1 Nf5 11. c3 d5 12. Bf4 c6 13. Nd2 Nh4 14.
Bg3 Bf5 15. Nb3 b6 16. Nc1 Qd7 17. Nd3 Ng6 18. a4 Rfe8 19. Rxe8+ Rxe8 20.
a5 b5 21. a6 Bxd3 22. Qxd3 Bh4 23. b3 Bxg3 24. hxg3 Nf8 25. c4 dxc4 26.
bxc4 bxc4 27. Qxc4 Ne6 28. Rb1 Qxd4 29. Rb7 Kf8 30. Qxc6 Nc5 31. Bb5 Rd8
32. Rxa7 Nd3 33. Qc7 Qxf2+ 34. Kh2 Qf6 35. Bxd3 Qh6+ 36. Kg1 Qe3+ 37. Kh2
1/2-1/2

[Event "World Blitz"]
[Site "Moscow RUS"]
[Date "2007.11.21"]
[Round "12"]
[White "Adams,Mi"]
[Black "Ivanchuk,V"]
[Result "0-1"]
[WhiteElo "2729"]
[BlackElo "2787"]
[EventDate "2007.11.21"]

1. d4 Nf6 2. Bg5 e6 3. e4 d5 4. e5 h6 5. Be3 Nfd7 6. c3 c5 7. f4 Nc6 8. Nf3
Be7 9. Bd3 cxd4 10. cxd4 Nb4 11. Be2 Nb6 12. a3 Nc6 13. Nc3 Nc4 14. Bc1 Bd7
15. b3 Nb6 16. O-O Rc8 17. Bd2 f5 18. exf6 Bxf6 19. Be3 O-O 20. Rc1 Be8 21.
Ne5 Bxe5 22. fxe5 Bg6 23. Bg4 Qe7 24. a4 Rxf1+ 25. Qxf1 Rf8 26. Qe2 Bf5 27.
h3 a6 28. Nd1 Qb4 29. Bxf5 Rxf5 30. Qd3 Nd7 31. Nf2 Nf8 32. Rc3 Nd7 0-1

[Event "World Blitz"]
[Site "Moscow RUS"]
[Date "2007.11.21"]
[Round "12"]
[White "Grischuk,A"]
[Black "Bacrot,E"]
[Result "1-0"]
[WhiteElo "2715"]
[BlackElo "2695"]
[EventDate "2007.11.21"]

1. e4 e5 2. Nf3 Nc6 3. Bb5 a6 4. Ba4 Nf6 5. O-O Be7 6. d3 b5 7. Bb3 O-O 8.
a4 b4 9. Nbd2 d6 10. a5 Be6 11. Nc4 Rb8 12. c3 bxc3 13. bxc3 Bg4 14. Ba4
Na7 15. Ne3 Be6 16. Ng5 Bd7 17. Bxd7 Nxd7 18. Nf3 Nc6 19. Nd5 Nc5 20. Be3
Nb3 21. Ra3 Nbxa5 22. Qa1 Rb5 23. c4 Rb3 24. Rxb3 Nxb3 25. Qxa6 Ncd4 26.
Bxd4 exd4 27. Qa3 Nc5 28. Nxd4 Bg5 29. f4 Bh6 30. Nf5 c6 31. Nde3 Qf6 32.
Ng4 Qe6 33. Ngxh6+ gxh6 34. Qa1 f6 35. Qa7 Rf7 36. Nxh6+ 1-0

[Event "World Blitz"]
[Site "Moscow RUS"]
[Date "2007.11.21"]
[Round "13"]
[White "Bacrot,E"]
[Black "Anand,V"]
[Result "1/2-1/2"]
[WhiteElo "2695"]
[BlackElo "2801"]
[EventDate "2007.11.21"]

1. d4 Nf6 2. c4 g6 3. Nf3 Bg7 4. g3 O-O 5. Bg2 d6 6. O-O Nc6 7. Nc3 a6 8.
b3 Rb8 9. Nd5 e6 10. Nxf6+ Bxf6 11. Bh6 Re8 12. d5 Ne7 13. Rc1 e5 14. e4 c5
15. Ng5 Bg7 16. Bxg7 Kxg7 17. f4 Ng8 18. Nxf7 Kxf7 19. fxe5+ Kg7 20. e6
Bxe6 21. dxe6 Rxe6 22. Qd2 Qe7 23. Rcd1 Nf6 24. Bh3 Nxe4 25. Qd3 Re5 26.
Bg2 Rd8 27. Rfe1 Nf6 28. Rxe5 Qxe5 29. Bxb7 a5 30. Qd2 Qe7 31. Bf3 Qc7 32.
Re1 Re8 33. Qe3 Qd7 34. Qe6 Qd8 1/2-1/2

[Event "World Blitz"]
[Site "Moscow RUS"]
[Date "2007.11.21"]
[Round "13"]
[White "Ivanchuk,V"]
[Black "Carlsen,M"]
[Result "1-0"]
[WhiteElo "2787"]
[BlackElo "2714"]
[EventDate "2007.11.21"]

1. e4 Nf6 2. e5 Nd5 3. d4 d6 4. c4 Nb6 5. exd6 exd6 6. Nc3 Be7 7. Bd3 Nc6
8. Nge2 Bf6 9. Be3 O-O 10. b3 Re8 11. O-O Bg4 12. Qd2 d5 13. c5 Bxe2 14.
Bxe2 Nc8 15. Rfe1 N8e7 16. Bg4 g6 17. Re2 Bg7 18. Rae1 Nf5 19. Bxf5 gxf5
20. Bh6 Rxe2 21. Nxe2 Qf6 22. Bxg7 Qxg7 23. Rd1 Re8 24. f3 Ne7 25. Ng3 Qf6
26. Re1 Kf8 27. Re5 c6 28. Nh5 Qg6 29. Nf4 Qf6 30. Qe3 h6 31. g3 Rc8 32.
Kf2 b6 33. h4 Rd8 34. Nh5 Qg6 35. Rxe7 Qxh5 36. Rxa7 Re8 37. Qxe8+ Kxe8 38.
cxb6 f4 39. b7 fxg3+ 40. Kg2 1-0

[Event "World Blitz"]
[Site "Moscow RUS"]
[Date "2007.11.21"]
[Round "14"]
[White "Adams,Mi"]
[Black "Carlsen,M"]
[Result "1/2-1/2"]
[WhiteElo "2729"]
[BlackElo "2714"]
[EventDate "2007.11.21"]

1. e4 Nf6 2. e5 Nd5 3. d4 d6 4. Nf3 dxe5 5. Nxe5 c6 6. Bd3 Nd7 7. Nf3 N7f6
8. h3 Nb4 9. Bc4 Bf5 10. Na3 e6 11. c3 Nbd5 12. Nc2 Be7 13. Ne3 Bg6 14. Ne5
O-O 15. O-O Nxe3 16. Bxe3 Nd5 17. Bd2 c5 18. Nxg6 hxg6 19. dxc5 Bxc5 20.
Qe2 Nf6 21. Rad1 Qc7 22. Bb3 Rad8 23. Bc1 Rxd1 24. Rxd1 Rd8 25. Rxd8+ Qxd8
26. g3 Qb6 27. Kg2 Qc6+ 28. Qf3 Qd7 29. Bc4 a5 30. Be2 Nd5 31. Qd3 Qc7 32.
Bf3 Nf6 33. h4 Qb6 34. Qe2 Kf8 35. b3 Nd5 36. Qd2 Nf6 37. Qc2 Nd5 38. a3
Qc7 39. Qd3 Nf6 40. b4 Be7 41. Be3 Kg8 42. Bd2 b6 43. Be3 e5 44. Kg1 Bf8
45. Bd1 Qc6 46. Bd2 Qe6 47. Be3 Be7 48. Be2 Nd5 49. Qc4 Nxe3 50. Qxe6 fxe6
51. fxe3 e4 52. Kf2 Kf7 53. Bf1 Kf6 54. g4 g5 55. h5 Ke5 56. Ke2 Kd5 57.
Kd2 Bf6 58. Kc2 Be5 59. Ba6 Kd6 60. Bb7 Bg3 61. Bxe4 Be1 62. Kd3 Ke5 63.
Bf3 Kd6 64. Kc4 Bd2 65. Kd3 Be1 66. Kd4 Bd2 67. Kd3 1/2-1/2

[Event "World Blitz"]
[Site "Moscow RUS"]
[Date "2007.11.21"]
[Round "14"]
[White "Leko,P"]
[Black "Gelfand,B"]
[Result "1-0"]
[WhiteElo "2755"]
[BlackElo "2736"]
[EventDate "2007.11.21"]

1. e4 c5 2. Nf3 d6 3. d4 cxd4 4. Nxd4 Nf6 5. Nc3 a6 6. Be3 e6 7. g4 b5 8.
g5 Nfd7 9. a3 Bb7 10. h4 Nc6 11. h5 Be7 12. Rg1 g6 13. Be2 Rc8 14. Nxc6
Rxc6 15. Qd4 Rg8 16. O-O-O Bf8 17. h6 Ne5 18. f4 Nc4 19. Bxc4 Rxc4 20. Qd3
Qc7 21. Bd4 b4 22. axb4 Rxb4 23. Bf6 Be7 24. Rg2 d5 25. exd5 Bxf6 26. gxf6
Qxf4+ 27. Rgd2 e5 28. Na2 Rd4 29. Qb3 Bxd5 30. Qb8+ Kd7 31. Qxg8 Bxa2 32.
b3 Ke6 33. Qc8+ Kxf6 34. Qxa6+ Kg5 35. Qxa2 e4 36. Qa5+ f5 37. Qc3 Rxd2 38.
Qxd2 e3 39. Qe2 Qe5 40. Kb1 f4 41. Qf3 Kxh6 42. Rh1+ Kg7 43. Qb7+ Kf6 44.
Qf3 h5 45. Rg1 g5 46. Qxh5 e2 47. Re1 Qe4 48. Rxe2 Qd4 49. Qh8+ 1-0

[Event "World Blitz"]
[Site "Moscow RUS"]
[Date "2007.11.21"]
[Round "14"]
[White "Kasimdzhanov,R"]
[Black "Bacrot,E"]
[Result "0-1"]
[WhiteElo "2690"]
[BlackElo "2695"]
[EventDate "2007.11.21"]

1. d4 Nf6 2. c4 c6 3. Nc3 d5 4. Nf3 e6 5. Bg5 Nbd7 6. e3 Qa5 7. cxd5 Nxd5
8. Qd2 Bb4 9. Rc1 c5 10. Bd3 b6 11. O-O cxd4 12. exd4 h6 13. Bh4 Bb7 14. a3
Bxc3 15. bxc3 O-O 16. Bb1 Qxa3 17. Qd3 N5f6 18. Ne5 Be4 19. Qg3 Bxb1 20.
Rxb1 Rac8 21. Rbc1 a5 22. h3 a4 23. Rfe1 Qb3 24. Re3 a3 25. Rf3 a2 26. Bxf6
Nxf6 27. Kh2 Qb2 28. Re1 Nh7 29. h4 a1=Q 30. Rxa1 Qxa1 31. Qf4 Rxc3 0-1

[Event "World Blitz"]
[Site "Moscow RUS"]
[Date "2007.11.21"]
[Round "15"]
[White "Bacrot,E"]
[Black "Savchenko,B"]
[Result "0-1"]
[WhiteElo "2695"]
[BlackElo "2583"]
[EventDate "2007.11.21"]

1. Nf3 c5 2. c4 Nc6 3. g3 g6 4. Bg2 Bg7 5. O-O d6 6. Nc3 Nf6 7. d4 cxd4 8.
Nxd4 Bd7 9. Nc2 O-O 10. b3 Qa5 11. Bb2 a6 12. a4 Rac8 13. Rb1 Be6 14. Ne3
Nd7 15. Ncd5 Bxb2 16. Rxb2 Bxd5 17. Nxd5 e6 18. b4 Qd8 19. Ne3 Qc7 20. Rd2
Nxb4 21. Rxd6 Ne5 22. Qd4 Rfd8 23. c5 Nbc6 24. Qd2 Nd7 25. Bxc6 Nxc5 26.
Rxd8+ Rxd8 27. Qc3 Ne4 28. Qb2 Qxc6 29. Ng4 Nc3 30. Ne5 Qc5 31. Ng4 Qd4 32.
Nh6+ Kg7 33. Qxb7 Nxe2+ 34. Kg2 Kxh6 35. Qxf7 Qe4+ 36. f3 Qf5 37. Qe7 Rd2
38. Rf2 e5 39. g4 Nf4+ 40. Kg3 Rxf2 41. Qh4+ Qh5 0-1

[Event "World Blitz"]
[Site "Moscow RUS"]
[Date "2007.11.21"]
[Round "15"]
[White "Ivanchuk,V"]
[Black "Shirov,A"]
[Result "1-0"]
[WhiteElo "2787"]
[BlackElo "2739"]
[EventDate "2007.11.21"]

1. d4 Nf6 2. Nf3 g6 3. Bf4 Bg7 4. e3 d6 5. h3 c5 6. c3 Qb6 7. Qc1 cxd4 8.
exd4 Nd5 9. Bh2 Bh6 10. Qxh6 Qxb2 11. Bc4 Qxa1 12. O-O Be6 13. Qd2 b5 14.
Bxb5+ Nd7 15. c4 Rb8 16. cxd5 Rxb5 17. Nc3 1-0

[Event "World Blitz"]
[Site "Moscow RUS"]
[Date "2007.11.21"]
[Round "16"]
[White "Kasimdzhanov,R"]
[Black "Karpov,Ana"]
[Result "1/2-1/2"]
[WhiteElo "2690"]
[BlackElo "2670"]
[EventDate "2007.11.21"]

1. d4 Nf6 2. c4 e6 3. Nc3 Bb4 4. Qc2 d5 5. a3 Bxc3+ 6. Qxc3 Ne4 7. Qc2 c5
8. dxc5 Nc6 9. cxd5 exd5 10. e3 Qa5+ 11. b4 Nxb4 12. axb4 Qxa1 13. Bb5+ Kf8
14. Ne2 a6 15. Bd3 Bd7 16. f3 Ba4 17. Qb2 Qxb2 18. Bxb2 Ng5 19. Kd2 Rc8 20.
Ra1 Bd7 21. Nf4 Bc6 22. Bf5 Re8 23. Ne2 Ne6 24. h4 h5 25. Be5 Rh6 26. Bd6+
Kg8 27. Bd3 Rd8 28. Be7 Re8 29. Bd6 Rd8 30. Be7 Re8 31. Bd6 1/2-1/2

[Event "World Blitz"]
[Site "Moscow RUS"]
[Date "2007.11.21"]
[Round "17"]
[White "Bacrot,E"]
[Black "Kramnik,V"]
[Result "1/2-1/2"]
[WhiteElo "2695"]
[BlackElo "2785"]
[EventDate "2007.11.21"]

1. d4 d5 2. Nf3 Nf6 3. Bf4 c5 4. e3 Nc6 5. c3 Qb6 6. Qb3 c4 7. Qc2 Bf5 8.
Qc1 e6 9. Be2 Be7 10. O-O O-O 11. Nbd2 Rfc8 12. Ne5 Nxe5 13. Bxe5 Qd8 14.
a4 Bd6 15. Bxd6 Qxd6 16. Re1 Rab8 17. Bf3 Qc6 18. g3 Rc7 19. Bg2 Bd3 20.
Nf3 Nd7 21. Nd2 f5 22. Bf1 Bxf1 23. Rxf1 b5 24. axb5 Qxb5 25. Ra2 a5 26.
Qc2 Ra7 27. Rfa1 Nf6 28. Nf3 h6 29. Ne5 a4 30. f3 Ra6 31. g4 fxg4 32. fxg4
Ne4 33. h4 Qb3 34. Qxb3 Rxb3 35. Rxa4 Rxa4 36. Rxa4 Rxb2 37. Ra8+ Kh7 38.
h5 Rb1+ 39. Kg2 Rb2+ 40. Kg1 Rb1+ 41. Kg2 Rb2+ 42. Kf1 Rb1+ 43. Kg2 Rb2+
1/2-1/2

[Event "World Blitz"]
[Site "Moscow RUS"]
[Date "2007.11.21"]
[Round "17"]
[White "Carlsen,M"]
[Black "Leko,P"]
[Result "1/2-1/2"]
[WhiteElo "2714"]
[BlackElo "2755"]
[EventDate "2007.11.21"]

1. d4 Nf6 2. c4 e6 3. Nf3 b6 4. a3 Bb7 5. Nc3 d5 6. cxd5 Nxd5 7. Qc2 Nxc3
8. bxc3 Be7 9. e4 O-O 10. Bd3 c5 11. O-O Qc7 12. Qe2 Nd7 13. Bb2 Rfd8 14.
Nd2 Ne5 15. Bb1 Ng6 16. g3 Rac8 17. Nf3 e5 18. d5 c4 19. a4 Bd6 20. Bc2 a6
21. Rfb1 Rb8 22. Bc1 Bc8 23. Be3 Bd7 24. Nd2 b5 25. h4 h6 26. axb5 axb5 27.
Ra6 Bc5 28. Rba1 Ne7 29. Kg2 Bc8 30. R6a2 Bd7 31. Qe1 Re8 32. Bxc5 Qxc5 33.
Nf3 Nc8 34. Ra8 Rxa8 35. Rxa8 Bg4 36. Ra6 Bd7 37. Qb1 f6 38. Qb4 Qxb4 39.
cxb4 Kf7 40. Nd2 Ke7 41. Nb1 Nd6 42. Nc3 g5 43. hxg5 hxg5 44. Ra7 Rb8 45.
Bd1 Nc8 46. Ra6 Nd6 47. Ra7 Nc8 48. Ra6 Nd6 49. Ra7 1/2-1/2

[Event "World Blitz"]
[Site "Moscow RUS"]
[Date "2007.11.21"]
[Round "18"]
[White "Grischuk,A"]
[Black "Ivanchuk,V"]
[Result "0-1"]
[WhiteElo "2715"]
[BlackElo "2787"]
[EventDate "2007.11.21"]

1. d4 d5 2. Nf3 c5 3. c4 dxc4 4. d5 e6 5. Nc3 exd5 6. Qxd5 Qxd5 7. Nxd5 Bd6
8. Nd2 Nc6 9. Nxc4 Bb8 10. Be3 Be6 11. O-O-O Nge7 12. Nxe7 Nxe7 13. b3 b6
14. g3 Bc7 15. Bg2 Rc8 16. Bf4 Nf5 17. e3 Ke7 18. g4 Bxf4 19. gxf5 Bxc4 20.
exf4 Bb5 21. Rhe1+ Kf8 22. a4 Be8 23. Bb7 Rb8 24. Ba6 h5 25. Rd6 h4 26. Re5
h3 27. Kd2 Rh4 28. Ke3 Rg4 29. Bf1 Rg1 30. Bxh3 f6 31. Red5 Rb1 32. Rd3 Bf7
33. Rd7 a5 34. Bg2 Bxb3 35. Bd5 Bxd5 36. R3xd5 Rb3+ 37. Kd2 Rf3 38. Rc7
Rxf4 39. Rdd7 Rg4 40. h3 Rg1 41. Ke3 Re8+ 42. Kf3 Kg8 43. Rb7 Re5 44. Rxb6
Rxf5+ 45. Ke2 Rg2 46. Rb5 Rgxf2+ 47. Ke3 c4 48. Rdd5 R2f3+ 49. Ke2 Rxd5 50.
Rxd5 Rxh3 51. Rxa5 Ra3 52. Kd2 g5 53. Ra7 g4 54. a5 g3 55. Ke2 f5 56. Rc7
f4 57. Rxc4 f3+ 58. Kd2 g2 59. Rg4+ Kh7 60. a6 Rxa6 61. Ke3 Ra1 62. Kf2
Rf1+ 63. Ke3 g1=Q+ 0-1

[Event "World Blitz"]
[Site "Moscow RUS"]
[Date "2007.11.21"]
[Round "18"]
[White "Kasimdzhanov,R"]
[Black "Gelfand,B"]
[Result "1-0"]
[WhiteElo "2690"]
[BlackElo "2736"]
[EventDate "2007.11.21"]

1. e4 c5 2. Nf3 d6 3. d4 cxd4 4. Nxd4 Nf6 5. Nc3 a6 6. Be3 e5 7. Nb3 Be6 8.
f3 Nbd7 9. Qd2 h5 10. O-O-O Qc7 11. Kb1 Be7 12. Bd3 b5 13. h3 h4 14. f4 Rb8
15. Rhe1 Nb6 16. Qf2 Nc4 17. Bc1 a5 18. Rf1 a4 19. Nd2 Na3+ 20. bxa3 Qxc3
21. Bb2 Qc7 22. fxe5 dxe5 23. Nf3 b4 24. Bxe5 bxa3+ 25. Ka1 Bd6 26. Qd4
Bxe5 27. Qxe5 1-0

[Event "World Blitz"]
[Site "Moscow RUS"]
[Date "2007.11.21"]
[Round "19"]
[White "Gelfand,B"]
[Black "Savchenko,B"]
[Result "1/2-1/2"]
[WhiteElo "2736"]
[BlackElo "2583"]
[EventDate "2007.11.21"]

1. Nf3 c5 2. c4 Nc6 3. d4 cxd4 4. Nxd4 g6 5. e4 Bg7 6. Be3 Nf6 7. Nc3 d6 8.
Be2 O-O 9. O-O Bd7 10. Qd2 Nxd4 11. Bxd4 Bc6 12. f3 a5 13. b3 Nd7 14. Be3
Nc5 15. Rac1 Qb6 16. Rc2 Rfc8 17. Rb1 h5 18. Bf1 Kh7 19. Kh1 Qd8 20. Ne2
Bd7 21. Nd4 Qh8 22. Rd1 Be5 23. Nb5 a4 24. b4 Ne6 25. Nc3 a3 26. Rcc1 Ba4
27. Re1 b5 28. Nd5 bxc4 29. Bxc4 Bb2 30. Nxe7 Rcb8 31. Bxe6 fxe6 32. Rc7
Qg7 33. Nd5 exd5 34. Rxg7+ Bxg7 35. exd5 Re8 36. Rc1 Rac8 37. h3 Rxc1+ 38.
Qxc1 h4 39. Qxa3 Bc2 40. Qa7 Kg8 41. b5 Bd3 42. Bf4 Bxb5 43. Bxd6 Bc4 44.
Qa4 Re1+ 45. Kh2 Bd4 46. Qxc4 Bg1+ 47. Kh1 Bc5+ 48. Kh2 Bg1+ 1/2-1/2